Imperial Gazetteer of India Provincial series North-West Frontier Province (Record no. 330729)

000 -LEADER
fixed length control field nam a22 7a 4500
003 - CONTROL NUMBER IDENTIFIER
control field NUST
005 - DATE AND TIME OF LATEST TRANSACTION
control field 20180119162607.0
008 - FIXED-LENGTH DATA ELEMENTS--GENERAL INFORMATION
fixed length control field 170802b xxu||||| |||| 00| 0 eng d
040 ## - CATALOGING SOURCE
Transcribing agency NUST
082 ## - DEWEY DECIMAL CLASSIFICATION NUMBER
Classification number 910.954915 NOR
245 ## - TITLE STATEMENT
Title Imperial Gazetteer of India Provincial series North-West Frontier Province
260 ## - PUBLICATION, DISTRIBUTION, ETC.
Place of publication, distribution, etc. Lahore
Name of publisher, distributor, etc. Sang-e-meel publications
Date of publication, distribution, etc. 1979
300 ## - PHYSICAL DESCRIPTION
Extent 280p
942 ## - ADDED ENTRY ELEMENTS (KOHA)
Source of classification or shelving scheme
Koha item type Book
Holdings
Withdrawn status Lost status Source of classification or shelving scheme Damaged status Not for loan Collection code Permanent Location Current Location Shelving location Date acquired Total Checkouts Full call number Barcode Date last seen Price effective from Koha item type
            Central Library (CL) Central Library (CL) General Stacks 08/02/2017   910.954915 NOR S3H-D-302 08/02/2017 08/02/2017 Book
© 2023 Central Library, National University of Sciences and Technology. All Rights Reserved.